ბათუმის შოთა რუსთაველის სახელმწიფო უნივერსიტეტის ბიბლიოთეკა

ივანე გომართელი : (ბიბ.ჩანაწერი № 61921)

000 -ლიდერი
ფიქსირებული სიგრძის საკონტროლო ველი 00894nam a22001937a 4500
003 - საკონტროლო ნომრის იდენტიფიკატორი
საკონტროლო ველი Ge_BSU
005 - ბოლო ოპერაციის თარიღი და დრო
საკონტროლო ველი 20240610165045.0
008 - ფიქსირებული სიგრძის მონაცემთა ელემენტები - ზოგადი ინფორმაცია
ფიქსირებული სიგრძის საკონტროლო ველი 240610s1967 ge ||||| |||| 00| 0 geo d
041 ## - ენის კოდი
Language code of text/sound track or separate title geo
080 ## - უნივერსალური ათობითი კლასიფიკაციის ინდექსი
Universal Decimal Classification number 61(479.22)(092) ნ-15
100 ## - მთავარი ჩანაწერი - პიროვნების სახელი
Personal name ნადარეიშვილი, გრიგოლ
9 (RLIN) 22382
245 ## - ცნობა სათაურის შესახებ
Title ივანე გომართელი :
Remainder of title [ცხოვრება და შემოქმედება] /
Statement of responsibility, etc გრიგოლ ნადარეიშვილი.
264 ## - წარმოების, გამოცემის, დისტრიბუციის და სხვა ცნობები
გამოცემის, წარმოების, დისტრიბუციის... ადგილი თბილისი :
გამოცემის, წარმოების, დისტრიბუციის... სახელწოდება განათლება,
გამოცემის, წარმოების, დისტრიბუციის... თარიღი 1967.
300 ## - ფიზიკური აღწერა
Extent 171 გვ. :
Other physical details 1 ფ. პორტრ. ;
Dimensions 21 სმ
653 ## - INDEX TERM--UNCONTROLLED
Uncontrolled term გომართელი, ივანე
653 ## - INDEX TERM--UNCONTROLLED
Uncontrolled term ქართველი ექიმები
653 ## - INDEX TERM--UNCONTROLLED
Uncontrolled term ქართველი საზოგადო მოღვაწეები
942 ## - ADDED ENTRY ELEMENTS (KOHA)
Source of classification or shelving scheme
Koha item type წიგნი
ეგზემპლარები
ჩამოწერის სტატუსი დაკარგული ეგზემპლარის სტატუსი კლასიფიკაციის წყარო ან თაროზე გაწყობის სქემა დაზიანების სტატუსი არ გაიცემა მუდმივი მდებარეობა (დაცვის ადგილი) ამჟამინდელი ადგილსამყოფელი თაროზე განთავსების ადგილი შეძენის თარიღი ღირებულება, შესყიდვის ნორმალური ფასი სრული შენახვის შიფრი შტრიხკოდი ბოლო ოპერაციის თარიღი ეგზემპლარის მიმდევრობითი ნომერი (კეტერი?) ფასის ძალაში შესვლის თარიღი ეგზემპლარის სახეობა საჯარო შენიშვნა
          ბათუმის შოთა რუსთაველის სახელმწიფო უნივერსიტეტის მთავარი ბიბლიოთეკა ბათუმის შოთა რუსთაველის სახელმწიფო უნივერსიტეტის მთავარი ბიბლიოთეკა წიგნსაცავი 2024-06-10 1.66 61(479.22)(092) ნ-15 68088 2024-06-10 68088 2024-06-10 წიგნი 1 ლ. 66 თ.
          ბათუმის შოთა რუსთაველის სახელმწიფო უნივერსიტეტის მთავარი ბიბლიოთეკა ბათუმის შოთა რუსთაველის სახელმწიფო უნივერსიტეტის მთავარი ბიბლიოთეკა წიგნსაცავი 2024-06-10 1.66 61(479.22)(092) ნ-15 68089 2024-06-10 68089 2024-06-10 წიგნი 1 ლ. 66 თ.
          ბათუმის შოთა რუსთაველის სახელმწიფო უნივერსიტეტის მთავარი ბიბლიოთეკა ბათუმის შოთა რუსთაველის სახელმწიფო უნივერსიტეტის მთავარი ბიბლიოთეკა წიგნსაცავი 2024-06-10 1.66 61(479.22)(092) ნ-15 68090 2024-06-10 68090 2024-06-10 წიგნი 1 ლ. 66 თ.
          ბათუმის შოთა რუსთაველის სახელმწიფო უნივერსიტეტის მთავარი ბიბლიოთეკა ბათუმის შოთა რუსთაველის სახელმწიფო უნივერსიტეტის მთავარი ბიბლიოთეკა წიგნსაცავი 2024-06-10 1.66 61(479.22)(092) ნ-15 68091 2024-06-10 68091 2024-06-10 წიგნი 1 ლ. 66 თ.